Rocky movies by Rotten Tomatoes scores - Statistics

General Stats
  • This quiz has been taken 23 times
  • The average score is 17 of 18
Answer Stats
Critic score Year Movie % Correct
92% 1976 Rocky
100%
69% 1976 Rocky
100%
70% 1979 Rocky II
100%
82% 1979 Rocky II
100%
65% 1982 Rocky III
100%
74% 1982 Rocky III
100%
38% 1985 Rocky IV
100%
79% 1985 Rocky IV
100%
31% 1990 Rocky V
100%
31% 1990 Rocky V
100%
77% 2006 Rocky Balboa
95%
76% 2006 Rocky Balboa
95%
95% 2015 Creed
91%
89% 2015 Creed
91%
83% 2018 Creed II
91%
80% 2018 Creed II
91%
89% 2023 Creed III
91%
96% 2023 Creed III
91%
No matching quizzes found
Score Distribution
Percent of People with Each Score
Percentile by Number Answered
Your Score History
You have not taken this quiz